Statistiques concernant Les 100 / 101 Départements de France

Cliquez ici pour prendre le quiz!

Statistiques générales

  • Ce quiz a été pris 385 fois
    (380 depuis la dernière actualisation)
  • Le résultat moyen est 66 sur 101

Statistiques - réponses

NuméroDépartement% Correct
01Ain
99%
02Aisne
92%
03Allier
86%
2ACorse du Sud
80%
2BHaute-Corse
80%
06Alpes-Maritimes
78%
11Aude
77%
13Bouches-du-Rhône
77%
07Ardèche
76%
10Aube
76%
14Calvados
76%
05Hautes-Alpes
75%
09Ariège
74%
75Paris
74%
04Alpes-de-Haute-Provence
72%
17Charente-Maritime
72%
59Nord
72%
16Charente
71%
12Aveyron
70%
15Cantal
70%
29Finistère
70%
33Gironde
70%
69Rhône
70%
08Ardennes
69%
18Cher
69%
25Doubs
69%
34Hérault
69%
37Indre-et-Loire
69%
42Loire
69%
45Loiret
69%
60Oise
69%
21Côte-d'Or
68%
30Gard
68%
27Eure
67%
31Haute-Garonne
67%
36Indre
67%
44Loire-Atlantique
67%
22Côtes-d'Armor
66%
24Dordogne
66%
28Eure-et-Loir
66%
57Moselle
66%
19Corrèze
65%
32Gers
65%
43Haute-Loire
65%
974 / 99La Réunion
65%
54Meurthe-et-Moselle
65%
83Var
65%
67Bas-Rhin
64%
68Haut-Rhin
64%
38Isère
64%
39Jura
64%
972 / 97Martinique
64%
23Creuse
63%
971 / 96Guadeloupe
63%
40Landes
63%
51Marne
63%
55Meuse
63%
56Morbihan
63%
58Nièvre
63%
61Orne
63%
62Pas-de-Calais
63%
93Seine-Saint-Denis
63%
84Vaucluse
62%
973 / 98Guyane
61%
52Haute-Marne
61%
35Ille-et-Vilaine
61%
50Manche
61%
64Pyrénées-Atlantiques
61%
47Lot-et-Garonne
60%
976 / 100Mayotte
60%
66Pyrénées-Orientales
60%
77Seine-et-Marne
60%
95Val-d'Oise
60%
78Yvelines
60%
26Drôme
59%
74Haute-Savoie
59%
46Lot
59%
48Lozère
59%
53Mayenne
59%
73Savoie
59%
76Seine-Maritime
59%
80Somme
59%
94Val-de-Marne
59%
85Vendée
59%
86Vienne
59%
88Vosges
59%
65Hautes-Pyrénées
57%
87Haute-Vienne
57%
92Hauts-de-Seine
57%
63Puy-de-Dôme
57%
71Saône-et-Loire
57%
90Territoire de Belfort
57%
91Essonne
56%
49Maine-et-Loire
56%
72Sarthe
56%
81Tarn
56%
82Tarn-et-Garonne
55%
89Yonne
55%
70Haute-Saône
53%
79Deux-Sèvres
51%
41Loir-et-Cher
51%

Distribution des résultats

Percentile par nombre de réponses

% des personnes avec chaque résultat

Votre développement - résultats

Vous n’avez pas pris ce quiz depuis la dernière actualisation